000 01194nam a22002537a 4500
010 _aB-210008
020 _c200.00
035 _aB-210008
037 _aCen Lib / Ret
040 _aDPL
_bPN
082 _2250.35
_aਸਿੰਗਲ
100 _aਸਿੰਗਲ, ਧਰਮਪਾਲ
_9132718
245 _aਬਾਬਾ ਸ਼ੇਖ਼ ਫਰੀਦ :
_cਧਰਮਪਾਲ ਸਿੰਗਲ [ਅਤੇ ] ਬਲਦੇਵ ਸਿੰਘ ਬੰਦਨਂ /
_bਜੀਵਨ ਤੇ ਰਚਨਾ /
246 _aBaba sheikh farid : jiwan te rachna : (Literary Criticism) /
_bby Dharampal Singhal [and] Baldev Singh Baddan
260 _aਦਿੱਲੀ
_bਸਿਲਾਲੇਖ
_c2006
270 _a੪/੩੨ ਸੁਭਾਸ਼ ਗਾਲੀ ਵਿਸ਼ਵਾਸ ਨਗਰ ਸ਼ਹਾਦਰ ਦਿੱਲੀ
_bਦਿੱਲੀ
_e110051
300 _a136p
_b24cm
650 _aliterary criticism
_923292
650 _aਸਾਹਿਤਕ ਆਲੋਚਨਾ
_9132719
650 _aਸਿੱਖ ਫ਼ਲਸਫ਼ੇ.
_9132720
650 _aSikh philosophy.
_912954
700 _aਬਲਦੇਵ ਸਿੰਘ ਬੰਦਨਂ
_99532
942 _2ddc
_cPN
_h250.35
_mਸਿੰਗਲ
999 _c111006
_d111006